Introducción a los impuestos / (Registro nro. 35726)

Detalles MARC
000 -CABECERA
Longitud fija campo de control 00707nam a2200181 4500
003 - • IDENTIFICADOR DELl NÚMERO DE CONTROL
Identificador del número de control CO-ViMGA
020 ## - • NÚMERO INTERNACIONAL NORMALIZADO PARA LIBROS
Número Internacional Normalizado para Libros (ISBN) 9681867025
040 ## - FUENTE DE LA CATALOGACIÓN
Centro catalogador de origen CO-ViMGA
Lengua de catalogación spa
Centro transcriptor CO-ViMGA
082 04 - • NÚMERO DE LA CLASIFICACIÓN DECIMAL DEWEY
Número de clasificación (R) 657.46
Número del ítem C65c.
110 ## - • PUNTO DE ACCESO PRINCIPAL-NOMBRE DE ENTIDAD CORPORATIVA
Nombre de entidad corporativa o nombre de jurisdicción como elemento inicial Colegio de Bachilleres
245 10 - • TITULO PROPIAMENTE DICHO
Título Introducción a los impuestos /
Mención de responsabilidad, etc. Colegio de Bachilleres.
Resto del título Compendio fascicular.
300 ## - • DESCRIPCIÓN FÍSICA
Extensión 302 p. ;
Otras características físicas 17 cm.
504 ## - • NOTA DE BIBLIOGRAFÍA, ETC
Nota de bibliografía, etc. Biografía consultada.
505 ## - • NOTA DE CONTENIDO CON FORMATO
Nota de contenido con formato Fasciculo 1. Disposiciones generales en materia de contribuciones Fasciculo 2. Ley del impuesto al valor agregado Fasciculo 3. Impuesto sobre la renta Fasciculo 4. Impuesto al activo Fasciculo 5. La nomina.
650 14 - • PUNTO DE ACCESO ADICIONAL DE MATERIA - TÉRMINO DE MATERIA
Término de materia o nombre geográfico como elemento inicial Impuestos
942 ## - ENTRADA DE ELEMENTOS AGREGADOS (KOHA)
Fuente de clasificaión o esquema Dewey Decimal Classification
Koha [por defecto] tipo de item LIbro
Existencias
Perdido Fuente de clasificación o esquema Estado Físico No para préstamo Forma de adquisición Localización permanente Localización actual Fecha adquisición Préstamos totales Signatura completa Código de barras Fecha última consulta Número de copia Fecha del precio de reemplazo Tipo de item de Koha
  Dewey Decimal Classification     Sala Especializada Tercer Piso Biblioteca Pública Germán Arciniegas - Villavicencio Biblioteca Pública Germán Arciniegas - Villavicencio 09/02/2016   657.46 C65c 30580 09/02/2016 Ej. 1 09/02/2016 LIbro









Instituto Departamental de Cultura del Meta - Red Departamental de Bibliotecas Públicas del Meta.